| 000 | 00388nam a2200145Ia 4500 | ||
|---|---|---|---|
| 008 | 231217s9999 xx 000 0 und d | ||
| 041 | _aEnglish | ||
| 082 | _a001.6424 KAM `R' | ||
| 100 | _aKamin, Samuel N | ||
| 245 | 0 | _aProgramming languages: An interpreter based approach | |
| 260 |
_c1990 _bNew York : Addison-Wesley, |
||
| 300 | _axi+640 | ||
| 650 | _aProgramming | ||
| 942 | _cAA | ||
| 999 |
_c162149 _d162149 |
||